Mapa de Clique de Países da África - Statistics

Estatísticas Gerais
  • Esse quiz foi jogado 807 vezes
  • A pontuação média é 32 de 54
Respostas no mapa
Respostas codificadas por cores de uma escala verde-vermelha no mapa do quiz de acordo com a % correta abaixo.
 
Estatísticas das Respostas
Resposta % Correto
Angola
83%
África do Sul
81%
Egito
81%
Moçambique
79%
Sudão
76%
Marrocos
75%
Argelia
74%
Madagáscar
74%
Somália
73%
Sudão do Sul
73%
Etiópia
69%
Libia
69%
Cabo Verde
68%
República Democrática do Congo
68%
Eritreia
66%
Níger
65%
Tunisia
65%
Seychelles
64%
Nigéria
63%
Namibia
62%
Botswana
61%
Chade
61%
República Centro Africana
61%
Camarões
60%
Lesoto
60%
Eswatini
58%
São Tomé e Princípe
58%
Mali
56%
Mauritânia
56%
Quénia
56%
Senegal
56%
Djibouti
55%
República do Congo
53%
Mauricia
52%
Zimbabwe
52%
Burkina Faso
51%
Comores
51%
Costa do Marfim
51%
Ruanda
51%
Benim
50%
Tanzânia
50%
Zâmbia
50%
Burundi
49%
Guiné Equatorial
49%
Malawi
48%
Togo
48%
Uganda
46%
Gana
45%
Gabão
44%
Gâmbia
44%
Guiné Bissau
44%
Guiné
43%
Serra Leoa
43%
Libéria
39%
Nenhum quiz correspondente encontrado
Distribuição das Pontuações
Porcentagem de Pessoas com Cada Pontuação
Percentil de Números Respondidos
Sua Pontuação Histórica
Você não jogou esse quiz